Loading...
| Science - Biology | 0 | 4 | 0 | 1 | 40 | 68 | 107.25 | 0 | 0 |
| Literature - British Literature | 0 | 4 | 2 | 1 | 30 | 90 | 112.75 | 0 | 0 |
| Fine Arts - Other Fine Arts | 0 | 3 | 1 | 0 | 25 | 108 | 121.33 | 0 | 0 |
| Literature - American Literature | 0 | 3 | 1 | 0 | 25 | 110 | 127.00 | 0 | 0 |
| Religion | 0 | 2 | 0 | 1 | 20 | 86 | 118.00 | 0 | 0 |
| Fine Arts - Painting & Sculpture | 0 | 2 | 0 | 1 | 20 | 114 | 134.00 | 0 | 0 |
| Other Academic | 0 | 2 | 0 | 1 | 20 | 122 | 131.50 | 0 | 0 |
| Philosophy | 0 | 2 | 1 | 1 | 15 | 131 | 141.50 | 0 | 0 |
| Mythology | 0 | 2 | 1 | 1 | 15 | 145 | 153.00 | 0 | 0 |
| History - European History | 0 | 2 | 1 | 0 | 15 | 112 | 114.00 | 0 | 0 |
| Science - Chemistry | 0 | 1 | 0 | 0 | 10 | 70 | 70.00 | 1 | 1 |
| History - American History | 0 | 1 | 0 | 0 | 10 | 106 | 106.00 | 0 | 0 |
| History - Other History | 0 | 1 | 0 | 0 | 10 | 145 | 145.00 | 0 | 0 |
| History - World History | 0 | 1 | 0 | 1 | 10 | 145 | 145.00 | 0 | 0 |
| Literature - European Literature | 0 | 1 | 0 | 0 | 10 | 83 | 83.00 | 0 | 1 |
| Literature - World Literature | 0 | 1 | 0 | 0 | 10 | 96 | 96.00 | 1 | 1 |
| Geography | 0 | 0 | 1 | 0 | -5 | 0.00 | 0 | 0 | |
| Fine Arts - Classical Music | 0 | 0 | 1 | 0 | -5 | 0.00 | 0 | 0 |